000 00556nam a22001937a 4500
003 KOHA_MİRAKIL
005 20251224135831.0
008 251224b tu ||||| |||| 00| 0 tur d
020 _a9789751970725
040 _aTR-AnABB
_btur
_cTR-AnABB
041 _atur
082 _a297.237
_bESE 2018
100 1 _aEsen, Bilal,
245 1 0 _aHafız : lafzın hamili mananın amili I /
_cBilal Esen
260 _aİzmir :
_bDiyanet İşleri Başkanlığı,
_c2018
300 _a200 sayfa ;
_c24 cm
650 0 4 _aAyetler ve sureler
942 _2ddc
_cBK
999 _c9922
_d9922
900 _bGizem YORULMAZ